000 02477nam a2200457 c 4500
999 _c119321
_d119321
003 BLK
005 20250514090120.0
008 180409b bul|||||r ||||||| ||bul||
010 _aKNG00124936000
020 _a978-954-92448-8-5
040 _aBLK
041 _aBUL
_cBUL
072 7 _2bullib
_aН32
_xПолитика Н
080 _aПолитическо преследване. Терористични действия. Тероризъм - Атентати, политически убийства. Вж и 343.1 ; 343.3/.7
_b323.28
_x(497.2)(093.2)
_z323.28(497.2)(093.2)
080 _aОргани на обществения ред. Полиция. Обществена власт. Доброволни отреди. Държавна сигурност. Милиция. Дейност на полицията по вътрешно разузнаване
_b351.74
_x(497.2)(093.2)
_z351.74(497.2)(093.2)
080 _aБиографии
_b929
_x(497.2)
_z929(497.2)
100 1 _aДимитрова, Алексения
_eпърви автор
_9286349
139 _aДимитрова, Алексения
_bД 58
245 1 0 _aОтдел за убийства
_bТайната история на секретна Служба 7, създадена през 1963 г.
_cАлексения Димитрова; * Алексения Димитрова Куртева.
257 _aBGR
260 _bВестникарска група България
_c2010
_fПловдив : Багра
300 _a176 с.
_bс портр., факс.
_c21 см
380 _a3
500 _aПълното име на авт. е Алексения Димитрова Куртева. - Прил. на 24 часа. - Съдържа и за авт. - Библиогр. с. 173-175.
650 4 _aДържавна сигурност - България
_9254494
650 4 _aПолитически убийства - България - история
_9248552
651 4 _aБългария
_9241624
653 _aдържавна сигурност
653 _aполитически убийства
653 _aистория
653 _aБългария
659 _aН
700 1 _aКуртева, Алексения Димитрова
_e*
_9316148
852 _aЦб 252501
856 4 _qpdf
856 4 _qpdf
942 _cKNG
_n0
_09
944 _aCR
_c17.08.2011
_k30542
_lРусанова Ирена
944 _aED
_c22.11.2011
999 _d119321